|
|
|
|
| LEADER |
00000cam a2200000 i 4500 |
| 001 |
1/23376 |
| 008 |
011112s1999 gre d |
| 035 |
|
|
|l 10067653
|
| 040 |
|
|
|a GR-MY-UA
|b gre
|e aacr
|
| 041 |
0 |
|
|a gre
|
| 082 |
0 |
|
|a 621.24094958
|
| 100 |
1 |
|
|a Χουτζαίος, Γεώργιος Μ.
|
| 245 |
1 |
3 |
|a Οι ανεμόμυλοι και υδρόμυλοι της Αγιάσου Λέσβου και της περιμετρικής περιοχής :
|b Ασώματος-Ίππειος-Λάμπου Μύλοι /
|c Γεώργιος Μ. Χουτζαίος.
|
| 260 |
|
|
|a Μυτιλήνη :
|b Πετράς,
|c 1999.
|
| 300 |
|
|
|a 56 σ. :
|b εικ. ;
|c 24 εκ.
|
| 504 |
|
|
|a Περιέχει βιβλιογραφικές παραπομπές.
|
| 650 |
|
0 |
|a Water mills
|x History
|z Greece
|z Hagiasos.
|
| 650 |
|
0 |
|a Water mills
|z Greece
|z Hagiasos.
|
| 650 |
|
0 |
|a Windmills
|z Greece
|z Hagiasos
|x History.
|
| 852 |
|
|
|a INST
|b LESVOS
|e 20011112
|h 621.24094958 ΧΟΥ
|p 005100025127
|q 005100025127
|t BK
|y 0
|
| 852 |
|
|
|a INST
|b LESVOS
|e 20011112
|h 621.24094958 ΧΟΥ
|p 005100025128
|q 005100025128
|t BK
|y 0
|
| 852 |
|
|
|a INST
|b LESVOS
|e 20011112
|h 621.24094958 ΧΟΥ
|p 005100025129
|q 005100025129
|t BK
|y 0
|
| 852 |
|
|
|a INST
|b LESVOS
|e 20011112
|h 621.24094958 ΧΟΥ
|p 005100025130
|q 005100025130
|t BK
|y 0
|
| 901 |
|
|
|a BIBL1-2002-3
|
| 909 |
|
|
|a Λ
|b 099049
|
| 909 |
|
|
|a Λ
|b 099050
|
| 909 |
|
|
|a Λ
|b 099065
|
| 909 |
|
|
|a Λ
|b 099066
|
| 922 |
|
|
|a 1ΕΛΗ
|b 200111
|c ΤΑΚ/ΚΥΒ
|d ΕΙΡΜΟΣ
|
| 950 |
|
|
|a 023-2001-11-02
|
| 970 |
|
|
|a ΚΑΜΑΤΣΟΥ
|b ΔΕΣΠΟΙΝΑ
|z 2002/09/16
|